00381 2200157 4500001002100000008004100021035002000062245003100082100001700113250000600130260003900136084001400175082000800189650001400197990001200211INLIS000000000001485 ind  a0010-1124000008 aMultitalentacDra. Koryati aDra. Koryati a1 aTegal :bBahari Center Tegalc2012 a600 KOR m a600 aNon Fiksi a0715314